00293nam a2200121Ia 4500003000400000008004100004020002600045040000800071100001500079245002700094260004000121300001000161LDD181101s9999 xx 000 0 und d a9788175878204c154.00 cLDD ajafri, Ada 0aGhazal numacAda jafri aNew DelhibMaktaba Jamia Ltd.c2012 a477p.